Zrušenie Branchmanovej metódy oceňovania nehnuteľností

Vyhláška Ministerstva financií SR č. 375/1999 zrovnoprávnila nadobúdanie majetku na území Slovenska. Dôvodom novelizácie vyhlášky 465/1991 Zb. v znení neskorších predpisov, je úsilie prilákať na Slovensko zahraničných investorov. Nová vyhláška MF SR s definitívnou platnosťou zrušila okrem ­ 1, ods....

Ausführliche Beschreibung

Gespeichert in:
Bibliographische Detailangaben
1. Verfasser: Mäsiarová, Terézia
Format: Buchkapitel
Sprache:Slowakisch
Schlagworte:
Tags: Tag hinzufügen
Keine Tags, Fügen Sie das erste Tag hinzu!

MARC

LEADER 00000naa a2200000 4500
001 r038019
005 20230920071050.8
041 0 |a slo 
044 |a SK 
245 1 0 |a Zrušenie Branchmanovej metódy oceňovania nehnuteľností  |c Terézia Mäsiarová 
520 |a Vyhláška Ministerstva financií SR č. 375/1999 zrovnoprávnila nadobúdanie majetku na území Slovenska. Dôvodom novelizácie vyhlášky 465/1991 Zb. v znení neskorších predpisov, je úsilie prilákať na Slovensko zahraničných investorov. Nová vyhláška MF SR s definitívnou platnosťou zrušila okrem ­ 1, ods. 4 aj celú štvrtú časť, ktorej ustanovenia sa týkali práve spôsobu výpočtu ceny pre zahraničných záujemcov o nehnuteľnosti na našom území. 
610 2 0 |a oceňovanie 
610 2 0 |a nehnuteľnosti 
610 2 0 |a investori 
610 2 0 |a cena nehnuteľností 
610 2 0 |a zákony 
610 2 0 |a vyhlášky 
610 2 0 |a novelizácia 
610 2 0 |a Slovensko 
100 1 |a Mäsiarová, Terézia